[Event "Jyvaskyla Winter op-B 40th"]
[Site "Jyvaskyla"]
[Date "2019.02.01"]
[Round "1"]
[White "Honkanen, Teemu"]
[Black "Vatto, Jouko"]
[Result "1/2-1/2"]
[WhiteElo "1904"]
[BlackElo "1759"]
[PlyCount "108"]
[EventDate "2019.02.01"]
[EventType "swiss"]
[EventRounds "5"]
[EventCountry "FIN"]
[SourceTitle "EXT 2021"]
[Source "ChessBase"]
[SourceDate "2020.10.23"]
[SourceVersion "1"]
[SourceVersionDate "2020.10.23"]
[SourceQuality "1"]

1. c4 Nf6 2. b3 g6 3. Bb2 Bg7 4. g3 c5 5. Bg2 0-0 6. e3 Nc6 7. Ne2 d6 8. 0-0 Bf5 9. a3 Bd3 10. Re1 e5 11. Nc1 Be4 12. Nc3 Bxg2 13. Kxg2 Qd7 14. N1e2 Rad8 15. d4 exd4 16. exd4 Rfe8 17. dxc5 dxc5 18. Qxd7 Rxd7 19. Rad1 Rde7 20. Kf1 Na5 21. Nc1 Rxe1+ 22. Rxe1 Rxe1+ 23. Kxe1 Ne4 24. Nxe4 Bxb2 25. Nd3 Bxa3 26. Nexc5 b6 27. Nd7 Nxb3 28. N3e5 Nc5 29. Nf6+ Kg7 30. Nd5 Na4 31. Kd2 Bc5 32. f3 a6 33. Kc2 b5 34. Kb3 Nb6 35. Nxb6 Bxb6 36. cxb5 axb5 37. Kb4 Bg1 38. Nd3 Bxh2 39. g4 h5 40. Nf2 Kf6 41. Kxb5 Kg5 42. Kc4 Kf4 43. gxh5 gxh5 44. Nh3+ Kf5 45. Kd3 f6 46. Ke2 Bg3 47. Kf1 h4 48. Kg2 Ke5 49. Kf1 Kd4 50. Ke2 Bc7 51. Nf2 f5 52. Nh3 Bg3 53. Ng1 Ke5 54. Nh3 Kd4 1/2-1/2

[Event "Naantali Avoin op"]
[Site "Naantali"]
[Date "2017.07.06"]
[Round "6"]
[White "Karppinen, Martti"]
[Black "Vatto, Jouko"]
[Result "0-1"]
[WhiteElo "1898"]
[BlackElo "1821"]
[PlyCount "50"]
[EventDate "2017.07.03"]
[EventType "swiss"]
[EventRounds "7"]
[EventCountry "FIN"]
[SourceTitle "EXT 2018"]
[Source "ChessBase"]
[SourceDate "2017.10.13"]
[SourceVersion "1"]
[SourceVersionDate "2017.10.13"]
[SourceQuality "1"]

1. c4 Nf6 2. d4 e6 3. Nc3 Bb4 4. Qb3 Nc6 5. Nf3 Ne4 6. d5 Bxc3+ 7. bxc3 Ne7 8. e3 0-0 9. Ba3 d6 10. Be2 e5 11. 0-0 b6 12. Bd3 Nc5 13. Bxc5 bxc5 14. e4 Ng6 15. g3 f5 16. exf5 Bxf5 17. Bxf5 Rxf5 18. Qd1 Qf6 19. Kg2 Rf8 20. Nd2 Rxf2+ 21. Rxf2 Qxf2+ 22. Kh1 Qe3 23. Rc1 Rf2 24. Qg4 Qxd2 25. Qe6+ Kh8 0-1

[Event "Naantali Avoin op"]
[Site "Naantali"]
[Date "2017.07.04"]
[Round "3"]
[White "Tocklin, Tomi"]
[Black "Vatto, Jouko"]
[Result "1/2-1/2"]
[WhiteElo "1846"]
[BlackElo "1821"]
[PlyCount "68"]
[EventDate "2017.07.03"]
[EventType "swiss"]
[EventRounds "7"]
[EventCountry "FIN"]
[SourceTitle "EXT 2018"]
[Source "ChessBase"]
[SourceDate "2017.10.13"]
[SourceVersion "1"]
[SourceVersionDate "2017.10.13"]
[SourceQuality "1"]

1. e4 e6 2. d4 d5 3. exd5 exd5 4. Qf3 Nf6 5. h3 Be7 6. Bd3 b6 7. Ne2 Ba6 8. 0-0 Bxd3 9. Qxd3 0-0 10. Ng3 Re8 11. Nf5 Bf8 12. Bg5 h6 13. Bh4 g6 14. Ne3 Bg7 15. Nd2 c6 16. Nf3 Nbd7 17. Ng4 Re6 18. Rfe1 Qe8 19. Rxe6 Qxe6 20. Re1 Ne4 21. Nd2 f5 22. f3 fxg4 23. fxe4 gxh3 24. exd5 Qxd5 25. Qxg6 Qxd4+ 26. Bf2 Qxd2 27. Re7 Qc1+ 28. Be1 Qxb2 29. Rxd7 Qf6 30. Qxf6 Bxf6 31. gxh3 Re8 32. Bf2 Re7 33. Rd6 Kg7 34. Rxc6 Rd7 1/2-1/2

[Event "Heart of Finland op 26th"]
[Site "Jyvaskyla"]
[Date "2016.07.22"]
[Round "7"]
[White "Hartio, Ilkka"]
[Black "Vatto, Jouko"]
[Result "1-0"]
[WhiteElo "2010"]
[BlackElo "1909"]
[PlyCount "31"]
[EventDate "2016.07.18"]
[EventType "swiss"]
[EventRounds "9"]
[EventCountry "FIN"]
[SourceTitle "EXT 2022"]
[Source "ChessBase"]
[SourceDate "2021.10.06"]
[SourceVersion "1"]
[SourceVersionDate "2021.10.06"]
[SourceQuality "1"]

1. Nf3 Nf6 2. g3 c5 3. Bg2 g6 4. c4 Bg7 5. Nc3 0-0 6. 0-0 Nc6 7. d4 cxd4 8. Nxd4 Nxd4 9. Qxd4 Rb8 10. Qxa7 Qc7 11. Nb5 Qxc4 12. a4 d5 13. Qxb8 Bg4 14. Qf4 Qxe2 15. Nc3 Qa6 16. Nxd5 1-0

[Event "Heart of Finland op 26th"]
[Site "Jyvaskyla"]
[Date "2016.07.19"]
[Round "3"]
[White "Vatto, Jouko"]
[Black "Ivanov, Sergei V"]
[Result "0-1"]
[WhiteElo "1909"]
[BlackElo "2081"]
[PlyCount "130"]
[EventDate "2016.07.18"]
[EventType "swiss"]
[EventRounds "9"]
[EventCountry "FIN"]
[SourceTitle "EXT 2022"]
[Source "ChessBase"]
[SourceDate "2021.10.06"]
[SourceVersion "1"]
[SourceVersionDate "2021.10.06"]
[SourceQuality "1"]

1. c4 Nf6 2. g3 g6 3. Bg2 Bg7 4. Nc3 d6 5. d4 0-0 6. Nf3 Nc6 7. 0-0 Rb8 8. a3 Na5 9. Nd2 c5 10. d5 b6 11. Qc2 e5 12. b3 Bf5 13. e4 Bd7 14. a4 Nh5 15. Ne2 f5 16. f3 Bh6 17. f4 exf4 18. Nxf4 Nxf4 19. gxf4 Qe7 20. Nf3 fxe4 21. Ng5 Rbe8 22. Be3 Bf5 23. Rae1 Bg7 24. Nh3 Qf6 25. Nf2 Qc3 26. Qxc3 Bxc3 27. Rb1 Re7 28. Nd1 Bd4 29. h3 h6 30. Kh2 Rg7 31. Re1 Re8 32. Nf2 Rge7 33. Kh1 Kg7 34. Kh2 Nb7 35. Rbd1 Bc3 36. Re2 Nd8 37. Rc1 Bb4 38. Ng4 Nf7 39. Bf2 Bxg4 40. hxg4 e3 41. Bg3 Bd2 42. Rf1 Bc3 43. Rc1 Bd4 44. Rf1 g5 45. Kh1 Rh8 46. Bf3 Rf8 47. Bg2 Kg6 48. Kh2 Rh8 49. Kg1 Rb8 50. Kh1 a6 51. Kh2 b5 52. axb5 axb5 53. Bf3 bxc4 54. bxc4 Kg7 55. Rc1 gxf4 56. Bxf4 Be5 57. Bxe5+ Nxe5 58. Kg3 Rb3 59. Bg2 Nd3 60. Rcc2 Kf6 61. Kh4 Nf4 62. Bf3 Nxe2 63. Bxe2 Re4 64. Kg3 Rd4 65. Kf3 Ke5 0-1

[Event "Heart of Finland op 24th"]
[Site "Jyvaskyla"]
[Date "2014.07.10"]
[Round "6"]
[White "Vatto, Jouko"]
[Black "Franssila, Tommi"]
[Result "0-1"]
[WhiteElo "1936"]
[BlackElo "2227"]
[PlyCount "116"]
[EventDate "2014.07.07"]
[EventType "swiss"]
[EventRounds "9"]
[EventCountry "FIN"]
[SourceTitle "EXT 2019"]
[Source "ChessBase"]
[SourceDate "2018.10.10"]
[SourceVersion "1"]
[SourceVersionDate "2018.10.10"]
[SourceQuality "1"]

1. c4 e6 2. Nc3 d5 3. cxd5 exd5 4. d4 Nf6 5. Nf3 Bf5 6. e3 c6 7. Bd3 Bxd3 8. Qxd3 Bd6 9. b3 0-0 10. 0-0 Nbd7 11. a4 Qe7 12. Ne2 Ne4 13. Ng3 g6 14. Bb2 Rae8 15. a5 a6 16. Nd2 f5 17. Nf3 g5 18. Ne2 g4 19. Ne5 Nxe5 20. dxe5 Bxe5 21. Bxe5 Qxe5 22. Nf4 Nc5 23. Qc2 Ne6 24. Ne2 h5 25. Ra4 Re7 26. Rb4 h4 27. Nf4 Nxf4 28. Rxf4 Qf6 29. Rd1 Re4 30. b4 Rxf4 31. exf4 Re8 32. Kf1 Re4 33. Qd2 Qd6 34. Re1 Qxb4 35. Qxb4 Rxb4 36. Re7 Kf8 37. Rh7 d4 38. Rxh4 d3 39. Ke1 Rxf4 40. Rh7 d2+ 41. Kxd2 Rxf2+ 42. Ke3 Rxg2 43. Rxb7 Ra2 44. Rb6 Rxa5 45. Rxc6 Ke7 46. Kf4 Kd7 47. Rb6 Kc7 48. Rf6 Ra4+ 49. Kxf5 Kb7 50. Rh6 Rc4 51. Rh4 a5 52. h3 Rc5+ 53. Ke4 g3 54. Kf3 Rg5 55. Rg4 Rxg4 56. hxg4 Kc7 57. Kxg3 a4 58. Kf4 a3 0-1

[Event "Jyvaskyla We JyS"]
[Site "Jyvaskyla"]
[Date "2014.01.26"]
[Round "4"]
[White "Heikkila, Antti"]
[Black "Vatto, Jouko"]
[Result "1/2-1/2"]
[WhiteElo "1944"]
[BlackElo "1956"]
[PlyCount "89"]
[EventDate "2014.01.24"]
[EventType "swiss"]
[EventRounds "5"]
[EventCountry "FIN"]
[SourceTitle "EXT 2022"]
[Source "ChessBase"]
[SourceDate "2021.10.06"]
[SourceVersion "1"]
[SourceVersionDate "2021.10.06"]
[SourceQuality "1"]

1. e4 e6 2. d3 d5 3. Nd2 Nf6 4. e5 Nfd7 5. d4 c5 6. c3 Nc6 7. Ngf3 Qb6 8. Nb3 c4 9. Nbd2 f6 10. exf6 Nxf6 11. Be2 Bd6 12. b3 cxb3 13. axb3 e5 14. 0-0 e4 15. Ne5 Nxe5 16. dxe5 Bxe5 17. Ba3 Qc7 18. f4 Bxf4 19. Bb5+ Kf7 20. g3 Bxd2 21. Qh5+ Ke6 22. Qf5+ Kf7 23. Qh5+ g6 24. Qxd5+ Kg7 25. Qxd2 Qb6+ 26. Qd4 Qxd4+ 27. cxd4 Bf5 28. Bd6 a6 29. Be2 Rhe8 30. Be5 h5 31. h3 Rf8 32. Rac1 Rf7 33. Bc4 Rff8 34. Bd5 Rad8 35. Bxb7 e3 36. g4 hxg4 37. hxg4 Bxg4 38. Rxf6 Rxf6 39. Rc7+ Rd7 40. Rxd7+ Bxd7 41. Bxa6 Kf7 42. Bxf6 Kxf6 43. b4 Kf5 44. b5 Bxb5 45. Bxb5 1/2-1/2

[Event "Jyvaskyla We JyS"]
[Site "Jyvaskyla"]
[Date "2014.01.26"]
[Round "5"]
[White "Seppala, Aki"]
[Black "Vatto, Jouko"]
[Result "1-0"]
[WhiteElo "2006"]
[BlackElo "1956"]
[PlyCount "117"]
[EventDate "2014.01.24"]
[EventType "swiss"]
[EventRounds "5"]
[EventCountry "FIN"]
[SourceTitle "EXT 2022"]
[Source "ChessBase"]
[SourceDate "2021.10.06"]
[SourceVersion "1"]
[SourceVersionDate "2021.10.06"]
[SourceQuality "1"]

1. e4 e6 2. Nf3 d5 3. exd5 exd5 4. d4 Nf6 5. c4 c6 6. Nc3 Be7 7. Bd3 Bg4 8. Qb3 Bxf3 9. gxf3 Qb6 10. Qxb6 axb6 11. cxd5 Nxd5 12. Nxd5 cxd5 13. 0-0 Nc6 14. Be3 Bf6 15. Bb5 0-0 16. Rfd1 g6 17. a3 Bg7 18. Rac1 Rac8 19. Ba4 Na5 20. Bd7 Rxc1 21. Rxc1 Nb3 22. Rd1 Na5 23. Rd3 Rd8 24. Bh3 f5 25. Rc3 Nc6 26. Rd3 Kf7 27. f4 Na5 28. Bg2 Nc6 29. Kf1 Ke6 30. Ke2 Kd6 31. Rd2 Ra8 32. Kd3 Ra4 33. Kc3 Rc4+ 34. Kb3 Bxd4 35. Bf1 Na5+ 36. Ka2 Bxe3 37. fxe3 Rc1 38. Bg2 Re1 39. Bxd5 Kc7 40. Bg8 Rxe3 41. Bxh7 Rf3 42. Bxg6 Rxf4 43. h3 Rf3 44. Rh2 Nc6 45. h4 Ne5 46. Bh7 f4 47. h5 Ng4 48. Rc2+ Kd6 49. Be4 Rh3 50. Bxb7 Rxh5 51. Rc6+ Ke5 52. Rxb6 Rh2 53. a4 Ne3 54. a5 Nd5 55. Rb5 Rd2 56. a6 f3 57. Rxd5+ Rxd5 58. Bxd5 Kxd5 59. a7 1-0

[Event "Jyvaskyla We JyS"]
[Site "Jyvaskyla"]
[Date "2014.01.25"]
[Round "3"]
[White "Vatto, Jouko"]
[Black "Uusi Oukari, Seppo"]
[Result "1/2-1/2"]
[WhiteElo "1956"]
[BlackElo "1852"]
[PlyCount "31"]
[EventDate "2014.01.24"]
[EventType "swiss"]
[EventRounds "5"]
[EventCountry "FIN"]
[SourceTitle "EXT 2022"]
[Source "ChessBase"]
[SourceDate "2021.10.06"]
[SourceVersion "1"]
[SourceVersionDate "2021.10.06"]
[SourceQuality "1"]

1. c4 e5 2. Nc3 Nf6 3. d3 Bc5 4. g3 d6 5. Bg2 Nc6 6. Nf3 a6 7. Bg5 h6 8. Bd2 0-0 9. 0-0 Be6 10. e4 Bg4 11. Be3 Bxf3 12. Bxf3 Nd4 13. Bg2 c6 14. Ne2 Qb6 15. Nc3 Qd8 16. Bxd4 1/2-1/2

[Event "Heart of Finland op 23rd"]
[Site "Jyvaskyla"]
[Date "2013.07.14"]
[Round "9"]
[White "Eloranta, Kari"]
[Black "Vatto, Jouko"]
[Result "1-0"]
[WhiteElo "2070"]
[BlackElo "1962"]
[PlyCount "65"]
[EventDate "2013.07.08"]
[EventType "swiss"]
[EventRounds "9"]
[EventCountry "FIN"]
[SourceTitle "EXT 2022"]
[Source "ChessBase"]
[SourceDate "2021.10.06"]
[SourceVersion "1"]
[SourceVersionDate "2021.10.06"]
[SourceQuality "1"]

1. e4 e6 2. d4 d5 3. Nc3 Bb4 4. e5 c5 5. a3 Bxc3+ 6. bxc3 Qc7 7. Qg4 f5 8. Qg3 Nc6 9. Nf3 Qf7 10. Rb1 Nge7 11. Bd3 0-0 12. h4 Qh5 13. Be3 cxd4 14. cxd4 b6 15. 0-0 Bd7 16. c4 dxc4 17. Bxc4 f4 18. Bxf4 Nf5 19. Qg5 Qf7 20. Be3 Rad8 21. Qg4 Nce7 22. Ng5 Qg6 23. h5 Nxe3 24. fxe3 Qh6 25. Bxe6+ Bxe6 26. Qxe6+ Qxe6 27. Nxe6 Rxf1+ 28. Rxf1 Rc8 29. e4 h6 30. d5 Re8 31. Nc7 Rc8 32. d6 Nc6 33. e6 1-0

[Event "Heart of Finland op 23rd"]
[Site "Jyvaskyla"]
[Date "2013.07.11"]
[Round "5"]
[White "Ristoja, Samu"]
[Black "Vatto, Jouko"]
[Result "1-0"]
[WhiteElo "2100"]
[BlackElo "1962"]
[PlyCount "75"]
[EventDate "2013.07.08"]
[EventType "swiss"]
[EventRounds "9"]
[EventCountry "FIN"]
[SourceTitle "EXT 2022"]
[Source "ChessBase"]
[SourceDate "2021.10.06"]
[SourceVersion "1"]
[SourceVersionDate "2021.10.06"]
[SourceQuality "1"]

1. e4 e6 2. d4 d5 3. Nd2 Nf6 4. e5 Nfd7 5. f4 c5 6. c3 Nc6 7. Ndf3 cxd4 8. cxd4 Bb4+ 9. Kf2 0-0 10. g3 f6 11. Kg2 Qe8 12. Bd3 f5 13. a3 Be7 14. b4 b6 15. Bd2 Bb7 16. b5 Nd8 17. Qa4 Nf7 18. Rc1 Bd8 19. Bb4 h6 20. Ne2 g5 21. Rc3 g4 22. Nd2 Nc5 23. dxc5 bxc5 24. Rxc5 d4+ 25. Rc6 Qd7 26. Rhc1 Re8 27. Kf2 Bb6 28. Bc5 Bxc6 29. bxc6 Qc7 30. Bxb6 axb6 31. Qb3 Ra5 32. Nc4 Qxc6 33. Nxa5 Qf3+ 34. Ke1 bxa5 35. Rc7 Qh1+ 36. Kd2 Qxh2 37. Bxf5 Qf2 38. Bxg4 1-0

[Event "Heart of Finland op 22nd"]
[Site "Jyvaskyla"]
[Date "2012.07.15"]
[Round "9"]
[White "Haapasalo, Jukka Pekka"]
[Black "Vatto, Jouko"]
[Result "1-0"]
[WhiteElo "2077"]
[BlackElo "1958"]
[PlyCount "123"]
[EventDate "2012.07.09"]
[EventType "swiss"]
[EventRounds "9"]
[EventCountry "FIN"]
[SourceTitle "EXT 2022"]
[Source "ChessBase"]
[SourceDate "2021.10.06"]
[SourceVersion "1"]
[SourceVersionDate "2021.10.06"]
[SourceQuality "1"]

1. Nf3 Nf6 2. d4 d6 3. c4 g6 4. g3 Bg7 5. Bg2 0-0 6. 0-0 c5 7. Nc3 a6 8. b3 Nc6 9. d5 Na7 10. Bb2 Rb8 11. Nd2 b5 12. Qc2 bxc4 13. bxc4 Bg4 14. h3 Bd7 15. Rac1 Qc7 16. e4 e6 17. Ba1 e5 18. f4 exf4 19. gxf4 Nh5 20. Ne2 Bxa1 21. Rxa1 Qa5 22. f5 Qd8 23. Qc3 Qg5 24. Nf3 Qh6 25. f6 Rfe8 26. e5 dxe5 27. Nxe5 Rxe5 28. Qxe5 Re8 29. Qc7 Rxe2 30. Qxd7 Qe3+ 31. Kh1 Ng3+ 32. Kh2 Nxf1+ 33. Rxf1 h5 34. Qd8+ Qe8 35. Qxe8+ Rxe8 36. Rb1 Nc8 37. Bf1 h4 38. Kg2 Kh7 39. Rb7 Nd6 40. Rd7 Nf5 41. Rxf7+ Kh6 42. Rc7 Rf8 43. f7 Nd6 44. Bd3 Nxf7 45. Rxc5 Ne5 46. Be2 Nd7 47. Rc6 Rf5 48. Rc7 Rg5+ 49. Kf2 Nf6 50. Bf3 Rg3 51. d6 Rxh3 52. c5 Rh2+ 53. Ke3 Rxa2 54. c6 Ra3+ 55. Kf2 Ra2+ 56. Kg1 Rd2 57. d7 a5 58. Rc8 Nxd7 59. Rd8 Ne5 60. Rxd2 Nxf3+ 61. Kh1 Nxd2 62. c7 1-0

[Event "Heart of Finland op 22nd"]
[Site "Jyvaskyla"]
[Date "2012.07.13"]
[Round "7"]
[White "Demidov, Jan"]
[Black "Vatto, Jouko"]
[Result "1/2-1/2"]
[WhiteElo "1851"]
[BlackElo "1958"]
[PlyCount "62"]
[EventDate "2012.07.09"]
[EventType "swiss"]
[EventRounds "9"]
[EventCountry "FIN"]
[SourceTitle "EXT 2022"]
[Source "ChessBase"]
[SourceDate "2021.10.06"]
[SourceVersion "1"]
[SourceVersionDate "2021.10.06"]
[SourceQuality "1"]

1. e4 e6 2. d4 d5 3. Nd2 Nf6 4. e5 Nfd7 5. Bd3 c5 6. c3 Nc6 7. Ne2 Qb6 8. Nf3 cxd4 9. cxd4 f6 10. exf6 Nxf6 11. 0-0 Bd6 12. Nc3 0-0 13. Be3 a6 14. a3 Bd7 15. b4 Ne7 16. Ne5 Rad8 17. Rc1 Qa7 18. h3 Qb8 19. Nxd7 Rxd7 20. Na4 Rc7 21. Nc5 Qc8 22. Re1 Nf5 23. Bxf5 exf5 24. Qb3 b6 25. Nd3 Rxc1 26. Rxc1 Qd7 27. Bg5 Bb8 28. Bxf6 Rxf6 29. Qc2 Rf8 30. Qc6 Qxc6 31. Rxc6 Rf6 1/2-1/2

[Event "Jyvaskyla We JyS A"]
[Site "Jyvaskyla"]
[Date "2012.01.27"]
[Round "1"]
[White "Seppala, Aki"]
[Black "Vatto, Jouko"]
[Result "1/2-1/2"]
[WhiteElo "2009"]
[BlackElo "1970"]
[PlyCount "69"]
[EventDate "2012.01.27"]
[EventType "swiss"]
[EventRounds "5"]
[EventCountry "FIN"]
[SourceTitle "EXT 2022"]
[Source "ChessBase"]
[SourceDate "2021.10.06"]
[SourceVersion "1"]
[SourceVersionDate "2021.10.06"]
[SourceQuality "1"]

1. e4 e6 2. d4 d5 3. Nc3 Bb4 4. e5 c5 5. a3 Bxc3+ 6. bxc3 Qc7 7. Qg4 f5 8. Qg3 Nc6 9. Nf3 Qf7 10. dxc5 Nge7 11. Nd4 0-0 12. f4 Nxd4 13. cxd4 Nc6 14. c3 b6 15. cxb6 axb6 16. Be2 Na5 17. Rb1 Qc7 18. 0-0 Ba6 19. Bxa6 Rxa6 20. Rf2 Rc8 21. Rc2 Nc4 22. Ra1 Na5 23. Qd3 Qc4 24. Qxc4 Nxc4 25. Kf2 Rca8 26. Rca2 Kf7 27. Ke2 Ke8 28. Kd3 Kd7 29. Kc2 Kc6 30. a4 Kd7 31. Kb3 Na5+ 32. Kc2 Nc4 33. Kb3 Na5+ 34. Kc2 Nc4 35. Kb3 1/2-1/2

[Event "FIN-ch op"]
[Site "Mantta"]
[Date "2011.07.27"]
[Round "4"]
[White "Vatto, Jouko"]
[Black "Mantyniemi, Jaakko"]
[Result "0-1"]
[WhiteElo "1919"]
[BlackElo "1912"]
[PlyCount "100"]
[EventDate "2011.07.25"]
[EventType "swiss"]
[EventRounds "9"]
[EventCountry "FIN"]
[SourceTitle "EXT 2022"]
[Source "ChessBase"]
[SourceDate "2021.10.06"]
[SourceVersion "1"]
[SourceVersionDate "2021.10.06"]
[SourceQuality "1"]

1. c4 Nf6 2. Nc3 e6 3. g3 c6 4. Bg2 d5 5. cxd5 cxd5 6. d4 Nc6 7. Nf3 Be7 8. 0-0 0-0 9. b3 b6 10. a4 Ba6 11. Ba3 Rc8 12. Bxe7 Qxe7 13. Rc1 Na5 14. Nb5 Bxb5 15. axb5 Qb4 16. Qd3 Qxb3 17. Qxb3 Nxb3 18. Rb1 Rc3 19. e3 Rfc8 20. Rfd1 Ne4 21. Bf1 f6 22. h4 Na5 23. Kg2 Rc2 24. Ne1 Nxf2 25. Nxc2 Nxd1 26. Rxd1 Rxc2+ 27. Kf3 Rc3 28. h5 h6 29. g4 Kf7 30. Kf4 Ke7 31. e4 dxe4 32. Kxe4 Kd6 33. d5 e5 34. Kf5 Nb3 35. Kg6 Rc7 36. Rd3 Nd4 37. Bh3 Kxd5 38. Bg2+ Kc4 39. Bf1 Kd5 40. Bg2+ Ke6 41. Be4 Kd6 42. Bc6 Re7 43. Be4 Kc5 44. Rc3+ Kxb5 45. Bd3+ Kb4 46. Rc4+ Ka3 47. Be4 Ne6 48. Rc3+ Kb4 49. Rc8 Ng5 50. Bd5 e4 0-1

[Event "Heart of Finland op 21st"]
[Site "Jyvaskyla"]
[Date "2011.07.17"]
[Round "9"]
[White "Vatto, Jouko"]
[Black "Heikkila, Antti"]
[Result "1/2-1/2"]
[WhiteElo "1919"]
[BlackElo "2020"]
[PlyCount "109"]
[EventDate "2011.07.11"]
[EventType "swiss"]
[EventRounds "9"]
[EventCountry "FIN"]
[SourceTitle "EXT 2022"]
[Source "ChessBase"]
[SourceDate "2021.10.06"]
[SourceVersion "1"]
[SourceVersionDate "2021.10.06"]
[SourceQuality "1"]

1. c4 f5 2. Nc3 Nf6 3. g3 g6 4. Bg2 Bg7 5. d3 d6 6. Nf3 0-0 7. Bg5 h6 8. Bd2 e5 9. Qc2 c6 10. e3 Na6 11. a3 Nc5 12. b4 Nxd3+ 13. Qxd3 e4 14. Qe2 exf3 15. Bxf3 Ne4 16. Rc1 Nxd2 17. Qxd2 Be6 18. Ne2 Rc8 19. 0-0 Qe7 20. Rfd1 Rfd8 21. Nf4 Bf7 22. Qc2 Qf6 23. Qa4 Bxc4 24. Qxa7 b5 25. Qd4 Qxd4 26. exd4 g5 27. Nh5 Bh8 28. g4 f4 29. a4 Bb3 30. Rd3 bxa4 31. Rxc6 Rxc6 32. Bxc6 Rb8 33. b5 Bc4 34. Ra3 Bxb5 35. Bxb5 Rxb5 36. Rxa4 Rd5 37. Ra8+ Kh7 38. Ra7+ Kg6 39. Re7 Bxd4 40. Re6+ Kf7 41. Rxh6 Be5 42. f3 Rd1+ 43. Kf2 Rd2+ 44. Ke1 Rxh2 45. Rh7+ Kf8 46. Rh6 Bc3+ 47. Kf1 d5 48. Rg6 d4 49. Rd6 Rd2 50. Nf6 d3 51. Ne4 Rd1+ 52. Kg2 Ba5 53. Nf2 Rd2 54. Rxd3 Rxd3 55. Nxd3 1/2-1/2

[Event "Heart of Finland op 21st"]
[Site "Jyvaskyla"]
[Date "2011.07.13"]
[Round "4"]
[White "Kuzevanova, Evgenia"]
[Black "Vatto, Jouko"]
[Result "1-0"]
[WhiteElo "2096"]
[BlackElo "1919"]
[PlyCount "43"]
[EventDate "2011.07.11"]
[EventType "swiss"]
[EventRounds "9"]
[EventCountry "FIN"]
[SourceTitle "EXT 2022"]
[Source "ChessBase"]
[SourceDate "2021.10.06"]
[SourceVersion "1"]
[SourceVersionDate "2021.10.06"]
[SourceQuality "1"]

1. e4 e6 2. d4 d5 3. Nd2 Nf6 4. e5 Nfd7 5. Bd3 c5 6. c3 Nc6 7. Ngf3 Qb6 8. 0-0 cxd4 9. cxd4 Be7 10. Re1 Nxd4 11. Nxd4 Qxd4 12. Nf3 Qb6 13. Qa4 Qd8 14. Qg4 Kf8 15. Bd2 b6 16. Rac1 Bb7 17. Ng5 Bxg5 18. Bxg5 Qe8 19. Rc7 Bc8 20. Bb5 a6 21. Bc6 Rb8 22. Qb4+ 1-0

[Event "Heart of Finland op 21st"]
[Site "Jyvaskyla"]
[Date "2011.07.12"]
[Round "2"]
[White "Raivio, Yrjo"]
[Black "Vatto, Jouko"]
[Result "1-0"]
[WhiteElo "2076"]
[BlackElo "1919"]
[PlyCount "69"]
[EventDate "2011.07.11"]
[EventType "swiss"]
[EventRounds "9"]
[EventCountry "FIN"]
[SourceTitle "EXT 2022"]
[Source "ChessBase"]
[SourceDate "2021.10.06"]
[SourceVersion "1"]
[SourceVersionDate "2021.10.06"]
[SourceQuality "1"]

1. d4 Nf6 2. c4 e6 3. Nf3 b6 4. e3 Bb7 5. Bd3 Be7 6. 0-0 0-0 7. Nc3 d6 8. e4 Nbd7 9. Re1 e5 10. b3 Re8 11. Bb2 Bf8 12. Nd5 c5 13. dxe5 dxe5 14. Bc2 Bd6 15. Qd2 Nf8 16. Rad1 Bb8 17. Qc1 Qc8 18. Qg5 Bxd5 19. exd5 h6 20. Qd2 e4 21. Bxf6 exf3 22. Rxe8 Qg4 23. g3 Qh3 24. Bh7+ Kxh7 25. Qd3+ Ng6 26. Qf1 Qd7 27. Rd8 Qg4 28. h3 Qf5 29. Ba1 Bxg3 30. Rxa8 Bf4 31. d6 Qg5+ 32. Kh1 Nh4 33. d7 Ng2 34. Qd3+ f5 35. d8Q 1-0